| 000 | 005810000a22002170004500 | ||
|---|---|---|---|
| 003 | LK-CoMWRAF | ||
| 005 | 20230915230442.0 | ||
| 008 | 230817t2003 ||||| |||| 00| 0 eng d | ||
| 020 | _a8120721187 | ||
| 040 |
_aLK-CoMWRAF _dLK-CoMWRAF _eLK-CoMWRAF |
||
| 041 | _aeng | ||
| 082 |
_a297.122 _bDOI |
||
| 100 | _aDoi, Abd Al-Rahman l. | ||
| 245 | _aIntroduction to the Holy Qur'an | ||
| 260 |
_aNew Delhi : _bSterling, _c2003 |
||
| 300 | _a174p | ||
| 650 | _aCommentaries of the Qur'an | ||
| 650 | _aPreservation of the Qur'an | ||
| 650 | _aRevelation of the Qur'an | ||
| 942 | _cBK | ||
| 999 |
_c843 _d843 |
||